[Event "Tseshkovsky Mem 2014"]
[Site "Sochi RUS"]
[Date "2014.09.24"]
[Round "8.23"]
[White "Abrekov, Mussa"]
[Black "Rozhko, Dmitry"]
[Result "0-1"]
[BlackTitle "FM"]
[WhiteElo "2237"]
[BlackElo "2337"]
[WhiteFideId "34134740"]
[BlackFideId "4150430"]
[EventDate "2014.09.17"]

1. d4 d5 2. c4 c6 3. Nc3 Nf6 4. Nf3 dxc4 5. a4 Bf5 6. e3 e6 7. Bxc4 Bb4 8. O-O
Nbd7 9. Nh4 Bg4 10. f3 Bh5 11. g4 Bg6 12. Qb3 a5 13. Ng2 e5 14. Nh4 exd4 15.
exd4 Nb6 16. Re1+ Kf8 17. Bf1 h5 18. g5 Nfd5 19. Bd2 Kg8 20. Nxd5 Nxd5 21. Bc3
Qd7 22. Bc4 Bd6 23. f4 Nxf4 0-1

[Event "Tseshkovsky Mem 2014"]
[Site "Sochi RUS"]
[Date "2014.09.24"]
[Round "8.24"]
[White "Vishnjakova, Svetlana"]
[Black "Nechaev, Oleg"]
[Result "0-1"]
[WhiteTitle "WFM"]
[WhiteElo "2123"]
[BlackElo "2329"]
[WhiteFideId "4147219"]
[BlackFideId "24113409"]
[EventDate "2014.09.17"]

1. e4 c5 2. Nc3 Nc6 3. g3 g6 4. Bg2 Bg7 5. d3 e5 6. Be3 d6 7. Qd2 h5 8. h3 Nge7
9. a4 Be6 10. Nge2 Nd4 11. Nc1 Qd7 12. N3e2 d5 13. c3 Nxe2 14. Qxe2 d4 15. Bd2
dxc3 16. bxc3 c4 17. Be3 O-O 18. O-O Bxh3 19. dxc4 Bg4 20. f3 Be6 21. Rd1 Qc7
22. c5 Rfd8 23. Rxd8+ Rxd8 24. Bf1 Nc6 25. Qb5 Rd1 26. Kf2 h4 27. g4 Nd4 28.
Qe8+ Kh7 29. cxd4 exd4 30. Ke2 Rxf1 31. Kxf1 dxe3 32. Rb1 Qh2 0-1

[Event "Tseshkovsky Mem 2014"]
[Site "Sochi RUS"]
[Date "2014.09.24"]
[Round "8.25"]
[White "Bimiev, Ahmad"]
[Black "Bukanov, Sergei"]
[Result "1-0"]
[WhiteElo "1998"]
[BlackElo "2317"]
[WhiteFideId "24102938"]
[BlackFideId "4117140"]
[EventDate "2014.09.17"]

1. c4 g6 2. Nc3 c5 3. Nf3 Bg7 4. g3 Nc6 5. Bg2 d6 6. O-O e6 7. a3 Nge7 8. Rb1 b6
9. b4 Bb7 10. Bb2 Qd7 11. Ne4 Bxb2 12. Rxb2 O-O-O 13. Nf6 Qc7 14. d4 cxd4 15.
Nxd4 Nxd4 16. Bxb7+ Kxb7 17. Qxd4 Nf5 18. Qc3 d5 19. c5 h5 20. Rc1 Rc8 21. Rbc2
Rhd8 22. Qd3 Ne7 23. c6+ Ka8 24. a4 e5 25. Nd7 Nxc6 26. Rxc6 Qxd7 27. Rxc8+ Rxc8
28. Rxc8+ Qxc8 29. Qxd5+ Kb8 30. Qxe5+ Qc7 31. Qe8+ Kb7 32. b5 Qc1+ 33. Kg2 Qc4
34. e4 Kc7 35. Qe7+ Kc8 36. h4 Qxa4 37. Qe8+ Kc7 38. Qxf7+ Kd8 39. Qf6+ Kd7 40.
Qc6+ Ke7 41. e5 Qd4 42. Qf6+ 1-0

[Event "Tseshkovsky Mem 2014"]
[Site "Sochi RUS"]
[Date "2014.09.24"]
[Round "8.26"]
[White "Mishuchkov, Nikolai M."]
[Black "Sergeeva, Natalia"]
[Result "1-0"]
[WhiteTitle "IM"]
[WhiteElo "2311"]
[BlackElo "2088"]
[WhiteFideId "4102401"]
[BlackFideId "4117743"]
[EventDate "2014.09.17"]

1. Nf3 Nf6 2. d4 e6 3. c4 Bb4+ 4. Nbd2 O-O 5. e3 b6 6. Bd3 Bb7 7. O-O Bxd2 8.
Nxd2 d6 9. b3 Nbd7 10. Bb2 Re8 11. Qc2 a5 12. Rad1 Qe7 13. Ne4 h6 14. Nxf6+ Nxf6
15. d5 e5 16. Bf5 Bc8 17. Bxc8 Raxc8 18. a3 Nd7 19. e4 Nf8 20. b4 axb4 21. axb4
Ng6 22. g3 Nf8 23. Bc1 Ra8 24. Be3 Nh7 25. Ra1 Nf6 26. f3 Qd7 27. Ra2 Nh7 28.
Rfa1 Rac8 29. Ra7 Qd8 30. Kg2 Nf8 31. c5 bxc5 32. bxc5 Ng6 33. c6 Ne7 34. Rb7 f5
35. Raa7 fxe4 36. fxe4 Ng6 37. Qe2 Rf8 38. Qg4 Kh7 39. Kg1 Rf7 40. h4 Ne7 41.
Kg2 Ng8 42. Bb6 Kh8 43. Ba5 Nf6 44. Qg6 Re7 45. Bb4 Ne8 46. Bd2 Ra8 47. Qf5 Rxa7
48. Qf8+ Kh7 49. Rxa7 g5 50. hxg5 Rg7 51. gxh6 Rg8 52. Qf7+ Kh8 53. h7 1-0

[Event "Tseshkovsky Mem 2014"]
[Site "Sochi RUS"]
[Date "2014.09.24"]
[Round "8.27"]
[White "Rjabzev, Konstantin"]
[Black "Zhukov, Viktor I.1"]
[Result "1-0"]
[WhiteTitle "IM"]
[WhiteElo "2306"]
[BlackElo "2084"]
[WhiteFideId "4150015"]
[BlackFideId "4136195"]
[EventDate "2014.09.17"]

1. e4 e5 2. Nf3 Nc6 3. Bc4 Nf6 4. d3 Be7 5. Nbd2 d6 6. c3 O-O 7. Bb3 Na5 8. Bc2
c5 9. Nf1 Nc6 10. Ng3 Re8 11. O-O Bf8 12. h3 g6 13. Re1 Bg7 14. Bg5 h6 15. Be3
b6 16. Qd2 Kh7 17. d4 Qc7 18. Rac1 a5 19. a4 Ba6 20. d5 Ne7 21. b3 Bc8 22. Bd3
Bd7 23. Qc2 Qc8 24. Nd2 g5 25. Nc4 Qc7 26. Be2 Bf8 27. Rcd1 1-0

[Event "Tseshkovsky Mem 2014"]
[Site "Sochi RUS"]
[Date "2014.09.24"]
[Round "8.28"]
[White "Danielyan, Levon"]
[Black "Papin, Vasily"]
[Result "0-1"]
[BlackTitle "GM"]
[WhiteElo "2082"]
[BlackElo "2502"]
[WhiteFideId "24161497"]
[BlackFideId "4143183"]
[EventDate "2014.09.17"]

1. e4 c5 2. Nf3 e6 3. d4 cxd4 4. Nxd4 a6 5. Bd3 Qb6 6. Nb3 Qc7 7. O-O Nf6 8. Nc3
b5 9. a3 Bb7 10. Qe2 d6 11. Bf4 Nbd7 12. Rad1 e5 13. Bg5 Be7 14. Qf3 O-O 15.
Rfe1 Rfe8 16. Qf5 Bc8 17. Qf3 Nb6 18. Bxf6 Bxf6 19. Nd2 Be6 20. Nd5 Nxd5 21.
exd5 Bd7 22. c4 Be7 23. Rc1 Qb6 24. b4 a5 25. c5 dxc5 26. Rxe5 cxb4 27. Bxh7+
Kf8 28. Bf5 Qf6 29. Qh5 g6 30. Qh6+ Kg8 31. Bxd7 Qxe5 32. Bxe8 Rxe8 33. Nf3 Qxd5
34. axb4 Bxb4 35. h4 Bf8 36. Qf4 a4 37. h5 Qf5 38. Qc7 Qxh5 39. Qd7 Re4 40. Rc8
a3 41. Qd6 Qh6 42. Qxa3 Rc4 43. Ra8 Qc1+ 0-1

[Event "Tseshkovsky Mem 2014"]
[Site "Sochi RUS"]
[Date "2014.09.24"]
[Round "8.30"]
[White "Kirillov, Nikolay"]
[Black "Zakarian, David"]
[Result "0-1"]
[BlackTitle "FM"]
[WhiteElo "2087"]
[BlackElo "2400"]
[WhiteFideId "24133850"]
[BlackFideId "13301276"]
[EventDate "2014.09.17"]

1. d4 Nf6 2. c4 c5 3. d5 b5 4. cxb5 a6 5. b6 g6 6. Nc3 Qxb6 7. a4 a5 8. e4 d6 9.
Bb5+ Bd7 10. Qe2 Bg7 11. Nf3 O-O 12. O-O Bg4 13. Ra3 Nfd7 14. h3 Bxf3 15. Qxf3
Ra7 16. Qe2 Na6 17. Kh1 Nb4 18. f4 Nf6 19. Bc4 Qb8 20. Nb5 Rb7 21. Raf3 Re8 22.
Rd1 Rb6 23. Re3 Nh5 24. Rf3 e6 25. dxe6 fxe6 26. Qf2 Nf6 27. Nc3 Kh8 28. f5 gxf5
29. exf5 d5 30. Bb5 Rc8 31. fxe6 Rxe6 32. Bf4 Qb6 33. Bg5 d4 34. Bxf6 Rxf6 35.
Ne4 Rxf3 36. Qxf3 Qg6 37. b3 Nd5 38. Bd3 Rf8 39. Nf6 Qxf6 40. Qxd5 Qe5 41. Qxe5
Bxe5 42. Rf1 Re8 43. Re1 Kg7 44. g4 h6 45. Kg2 Kf6 46. h4 Rb8 47. Bc4 Rd8 48.
Bd3 Bf4 49. Kf3 Be3 50. Ke4 Ke6 51. Rf1 Re8 52. Bb5 Re7 53. Kd3 Rg7 54. Ba6 Kd6
55. Bc8 Rg8 56. Rf6+ Kc7 57. Be6 Re8 58. Bd5 Bg1 59. Rc6+ Kd7 60. Rxh6 Re3+ 61.
Kd2 Rh3 62. g5 Be3+ 63. Ke2 d3+ 64. Kf1 Rg3 65. Bc6+ Kc7 66. Bg2 d2 67. Rh7+ Kd6 0-1

[Event "Tseshkovsky Mem 2014"]
[Site "Sochi RUS"]
[Date "2014.09.24"]
[Round "8.31"]
[White "Zakharov, Alexander"]
[Black "Protopopova, Anastasiya"]
[Result "1/2-1/2"]
[WhiteTitle "IM"]
[WhiteElo "2352"]
[BlackElo "2049"]
[WhiteFideId "4103564"]
[BlackFideId "24172073"]
[EventDate "2014.09.17"]

1. e4 e6 2. d4 d5 3. exd5 exd5 4. Nf3 Bd6 5. c4 Nf6 6. Nc3 O-O 7. cxd5 Nbd7 8.
Bg5 h6 9. Bh4 Nb6 10. Be2 Be7 11. Bxf6 Bxf6 12. Qb3 Bg4 13. Rd1 Re8 14. O-O Nxd5
15. Nxd5 Rxe2 16. Nxf6+ Qxf6 17. Ne5 Qe6 18. Qxb7 Re8 19. Nxg4 Qxg4 20. h3 Qd7
21. d5 Qd6 22. a3 a5 23. Qb5 R8e7 24. Qb8+ Re8 25. Qb3 Qe5 26. Qa4 Qxb2 27. Qxa5
Rc2 28. Rb1 Qd4 29. Rb4 Qd3 30. Qb5 Qxb5 31. Rxb5 Ra8 32. Ra1 Ra4 33. Rb4 Ra5
34. a4 Rxd5 35. a5 Rdd2 36. Rf4 Ra2 37. Rc1 Rxa5 38. Rxc7 f6 39. h4 h5 40. g4
Rad5 41. gxh5 Rxh5 42. Rg4 g5 43. Rb4 Rd8 44. Rb6 Rf8 45. hxg5 Rxg5+ 1/2-1/2

[Event "Tseshkovsky Mem 2014"]
[Site "Sochi RUS"]
[Date "2014.09.24"]
[Round "8.32"]
[White "Pushkov, Nikolai"]
[Black "Alchakov, Ratmir"]
[Result "1-0"]
[WhiteTitle "GM"]
[WhiteElo "2315"]
[BlackElo "1938"]
[WhiteFideId "4117131"]
[BlackFideId "24199699"]
[EventDate "2014.09.17"]

1. Nf3 d5 2. d4 Nf6 3. c4 e6 4. Nc3 Be7 5. Bg5 O-O 6. e3 b6 7. cxd5 Nxd5 8. Bxe7
Qxe7 9. Nxd5 exd5 10. Qb3 Rd8 11. Be2 c5 12. Qa3 Nc6 13. O-O c4 14. Qxe7 Nxe7
15. b3 Ba6 16. Nd2 Rac8 17. Rac1 Rc7 18. Nb1 Rdc8 19. Nc3 b5 20. b4 Rb8 21. Bf3
Rd7 22. Ra1 g6 23. Rfb1 Kg7 24. a4 h6 25. g3 Kf8 26. Rb2 Ke8 27. Rba2 Rbb7 28.
e4 dxe4 29. Bxe4 Rb8 30. axb5 Bxb5 31. Rxa7 Rxd4 32. Re1 Kf8 33. Nxb5 Rxb5 34.
Rxe7 1-0

[Event "Tseshkovsky Mem 2014"]
[Site "Sochi RUS"]
[Date "2014.09.24"]
[Round "8.33"]
[White "Airapetian, Eduard"]
[Black "Kudelya, Igor"]
[Result "0-1"]
[BlackTitle "FM"]
[WhiteElo "2041"]
[BlackElo "2312"]
[WhiteFideId "24171786"]
[BlackFideId "4177339"]
[EventDate "2014.09.17"]

1. e4 c5 2. Nf3 Nc6 3. c3 Nf6 4. e5 Nd5 5. d4 cxd4 6. cxd4 d6 7. Bc4 Nb6 8. Bb5
Bd7 9. Nc3 dxe5 10. dxe5 g6 11. Bf4 Bg7 12. h3 O-O 13. Qe2 a6 14. Bd3 Nb4 15.
Be4 Be6 16. Rd1 Qc7 17. a3 Nc6 18. O-O Rad8 19. Rxd8 Rxd8 20. Rd1 Rxd1+ 21. Qxd1
Nc4 22. Bxc6 bxc6 23. Qe2 Qb6 24. Nd1 h6 25. Be3 Nxe3 26. Nxe3 Qb5 27. Qc2 c5
28. Qc3 Kh7 29. Nd2 Qb8 30. Ndc4 Qd8 31. f3 Qd4 32. Kf1 f5 33. exf6 Qxc3 34.
bxc3 Bxf6 35. Ke2 Bxc3 36. Kd3 Bd4 37. Na5 Bd7 38. f4 Kg7 39. Ke4 Kf6 40. Nd5+
Ke6 41. Nc7+ Kd6 42. Nxa6 Bf5+ 43. Kf3 Bc8 44. Nb8 Bc3 45. Nbc6 Kc7 46. Ke3 Bf5 0-1

[Event "Tseshkovsky Mem 2014"]
[Site "Sochi RUS"]
[Date "2014.09.24"]
[Round "8.34"]
[White "Kruchev, Boris"]
[Black "Kiriushin, Vladimir"]
[Result "1-0"]
[WhiteTitle "FM"]
[WhiteElo "2310"]
[BlackElo "2080"]
[WhiteFideId "4179714"]
[BlackFideId "4150848"]
[EventDate "2014.09.17"]

1. e4 c6 2. d4 d5 3. e5 Bf5 4. Nf3 e6 5. Be2 Nd7 6. O-O c5 7. c4 dxc4 8. Na3 Bd3
9. Nxc4 Bxe2 10. Qxe2 Nb6 11. Bg5 Qd5 12. Ne3 Qe4 13. Qb5+ Qc6 14. Qxc6+ bxc6
15. Rac1 h6 16. Bh4 g5 17. Bg3 Nd7 18. h3 Rb8 19. Nc4 Nb6 20. Na5 Kd7 21. dxc5
Nd5 22. Nb3 Nge7 23. Nfd4 Ng6 24. Rc4 Rb4 25. Rxb4 Nxb4 26. Rd1 Nd5 27. Na5 Bxc5
28. Naxc6 Rc8 29. Na5 Bb6 30. Nab3 Rc4 31. Kf1 a5 32. Ne2 Rc2 33. Rd2 Rxd2 34.
Nxd2 Nb4 35. Nc4 Bc7 36. Nc1 h5 37. a3 Nc6 38. Nd3 h4 39. Bh2 f5 40. Ke2 f4 41.
f3 Ngxe5 42. Ncxe5+ Nxe5 43. Bg1 Nc4 44. Bc5 Bd6 45. b3 Nxa3 46. Bxa3 Bxa3 47.
Ne5+ Kc7 48. Kd3 Kb7 49. Kc4 Ka6 50. Nc6 Bd6 51. Nd8 e5 52. Nf7 Be7 53. Nxe5 Kb6
54. Nd3 Kc6 55. Nb2 Bf6 56. Na4 Be7 57. Nc3 Bf6 58. Nd5 Bb2 59. Ne7+ Kd7 60. Nf5
Ke6 61. Nh6 Bg7 62. Ng4 Bf8 63. Nf2 Bb4 64. Nd3 Bd2 65. Nc5+ Ke5 66. Ne4 Bb4 67.
Nxg5 Bd2 68. Ne4 Be1 69. Nc5 Bd2 70. Nd3+ Kf5 71. Kd5 Bc3 72. Nc5 Bb4 73. Na6
Be1 74. Nb8 Bd2 75. Nc6 Bc3 76. Nd4+ Kf6 77. Ke4 Bd2 78. Nf5 Kg5 79. Ne7 Bc3 80.
Nc6 Bb4 81. Nd4 Bd2 82. Ne6+ Kf6 83. Nxf4 1-0

[Event "Tseshkovsky Mem 2014"]
[Site "Sochi RUS"]
[Date "2014.09.24"]
[Round "8.36"]
[White "Gubernatorov, Sergey"]
[Black "Bykov, Egor"]
[Result "1-0"]
[WhiteTitle "FM"]
[WhiteElo "2283"]
[BlackElo "2050"]
[WhiteFideId "4148215"]
[BlackFideId "34115290"]
[EventDate "2014.09.17"]

1. c4 c6 2. e4 d5 3. exd5 cxd5 4. cxd5 Nf6 5. Bc4 g6 6. Nc3 Nbd7 7. d3 Bg7 8.
Nf3 O-O 9. O-O a6 10. a4 Ne8 11. Re1 Nd6 12. Bg5 Nf6 13. Qd2 Re8 14. h3 b6 15.
b4 Bb7 16. Rac1 Rc8 17. Ne5 b5 18. axb5 axb5 19. Bb3 Rc7 20. Be3 Nd7 21. Nxd7
Qxd7 22. Bb6 Bxc3 23. Rxc3 Rxc3 24. Qxc3 Nc8 25. Bd4 Nd6 26. Bc5 Nf5 27. Qe5 h5
28. Kf1 Rd8 29. g4 hxg4 30. hxg4 f6 31. Qe6+ Qxe6 32. Rxe6 Ng7 33. Rxe7 Bxd5 34.
Bb6 1-0

[Event "Tseshkovsky Mem 2014"]
[Site "Sochi RUS"]
[Date "2014.09.24"]
[Round "8.37"]
[White "Gutkis, Vladimir"]
[Black "Gasparyan, Daniel"]
[Result "1-0"]
[WhiteTitle "FM"]
[WhiteElo "2224"]
[BlackElo "1820"]
[WhiteFideId "4173325"]
[BlackFideId "34197874"]
[EventDate "2014.09.17"]

1. e4 c5 2. Nf3 Nc6 3. d3 d6 4. Nbd2 Nf6 5. c3 a6 6. h3 e5 7. Be2 Be7 8. Nc4 b5
9. Ne3 O-O 10. Qc2 Bd7 11. g4 b4 12. Nd2 Be6 13. Bf3 a5 14. Ndf1 a4 15. a3 bxc3
16. bxc3 Na5 17. Ng3 Nb3 18. Rb1 Rb8 19. Nef5 Re8 20. Nxe7+ Rxe7 21. Bg5 Reb7
22. O-O h6 23. Be3 Ne8 24. Nf5 Nc7 25. c4 Bc8 26. Rb2 Nd2 27. Rxb7 Nxf3+ 28. Kg2
Rxb7 29. Kxf3 Rb3 30. Rb1 Bxf5 31. gxf5 Qb8 32. Rg1 Kh7 33. Bc1 Qd8 34. Rg3 Qf6
35. Kg2 Na6 36. Qd1 Kg8 37. Qh5 Kf8 38. h4 Nb8 39. Bg5 g6 40. fxg6 hxg5 41. Rf3
Qxf3+ 42. Qxf3 1-0

[Event "Tseshkovsky Mem 2014"]
[Site "Sochi RUS"]
[Date "2014.09.24"]
[Round "8.38"]
[White "Kudrin, Oleg"]
[Black "Birjukov, Sergey"]
[Result "1/2-1/2"]
[BlackTitle "FM"]
[WhiteElo "2022"]
[BlackElo "2175"]
[WhiteFideId "24132900"]
[BlackFideId "4106555"]
[EventDate "2014.09.17"]

1. e4 e6 2. d4 d5 3. Nc3 Nf6 4. Bg5 dxe4 5. Nxe4 Nbd7 6. Nf3 Be7 7. Nxf6+ Nxf6
8. Bd3 b6 9. Bb5+ Bd7 10. Bxd7+ Nxd7 11. Bxe7 Qxe7 12. O-O O-O 13. c3 1/2-1/2

[Event "Tseshkovsky Mem 2014"]
[Site "Sochi RUS"]
[Date "2014.09.24"]
[Round "8.39"]
[White "Mavlyaveev, Vladimir"]
[Black "Palkovich, Denis"]
[Result "0-1"]
[BlackTitle "FM"]
[WhiteElo "1714"]
[BlackElo "2150"]
[WhiteFideId "24161500"]
[BlackFideId "14113260"]
[EventDate "2014.09.17"]

1. e4 d5 2. exd5 Qxd5 3. Nc3 Qa5 4. d4 Nf6 5. Nf3 Nc6 6. Bd2 Bg4 7. Bb5 O-O-O 8.
Bxc6 bxc6 9. Ne2 Qh5 10. Ne5 Rxd4 11. Nxg4 Rxg4 12. O-O e6 13. Ng3 Qd5 14. Be3
Qxd1 15. Rfxd1 Nd5 16. Rd3 Nxe3 17. Rxe3 Rd4 18. c3 Rd2 19. b4 Be7 20. Ne4 Rc2
21. Rd3 Rd8 22. Rxd8+ Bxd8 23. a4 Be7 24. f4 f5 25. Nc5 Bxc5+ 26. bxc5 Rxc3 27.
Re1 Rxc5 28. Rxe6 Kd7 29. Re3 Rc1+ 30. Kf2 Rc2+ 31. Kg3 Rc4 32. Re5 g6 0-1

[Event "Tseshkovsky Mem 2014"]
[Site "Sochi RUS"]
[Date "2014.09.24"]
[Round "8.40"]
[White "Popov, Evgeny"]
[Black "Tvelov, Boris"]
[Result "0-1"]
[WhiteElo "2059"]
[BlackElo "1795"]
[WhiteFideId "34109380"]
[BlackFideId "24180920"]
[EventDate "2014.09.17"]

1. e4 e5 2. Nf3 Nc6 3. d4 exd4 4. Nxd4 Nf6 5. Nxc6 bxc6 6. e5 Nd5 7. c4 Nb6 8.
Bd3 d5 9. exd6 cxd6 10. O-O Be6 11. Re1 Be7 12. Nc3 O-O 13. Qe2 Re8 14. Bf4 d5
15. Rad1 Qd7 16. cxd5 Nxd5 17. Qe4 Nf6 18. Qa4 Qb7 19. Qc2 Rad8 20. b3 Bg4 21.
f3 Bh5 22. Bc4 Bc5+ 23. Kh1 Bg6 24. Qc1 Rxe1+ 25. Rxe1 Bb4 26. Bg5 Qc7 27. Bf4
Qa5 28. Be5 Nd5 29. Bxd5 cxd5 30. Bd4 h5 31. Qb2 Qc7 32. Rc1 Qd7 33. Ne2 Qe7 34.
Rd1 Re8 35. Ng1 f6 36. Qf2 a5 37. Nh3 Rc8 38. Nf4 Bf7 39. Nd3 Bd6 40. Re1 Qc7
41. g3 Bg6 42. Rc1 Qxc1+ 0-1

[Event "Tseshkovsky Mem 2014"]
[Site "Sochi RUS"]
[Date "2014.09.24"]
[Round "8.42"]
[White "Khristenko, Anna"]
[Black "Karapetian, Albert"]
[Result "1/2-1/2"]
[WhiteElo "1605"]
[BlackElo "1967"]
[WhiteFideId "24173886"]
[BlackFideId "24156698"]
[EventDate "2014.09.17"]

1. d4 e6 2. e3 f5 3. Bd3 Nf6 4. f4 b6 5. Nf3 Bb7 6. Nbd2 Be7 7. O-O O-O 8. c3
Ne4 9. Qc2 d5 10. Ne5 Nxd2 11. Bxd2 Nd7 12. Rf3 c5 13. Qd1 Nf6 14. Rh3 Bd6 15.
Qe1 Bxe5 16. fxe5 Ne4 17. Qe2 Qe8 18. Rf1 Nxd2 19. Qxd2 Qa4 20. a3 Ba6 21. Bxa6
Qxa6 22. Qf2 Rf7 23. Qh4 g6 24. Rhf3 Raf8 25. g4 Rg7 26. Kh1 Qe2 27. R1f2 Qe1+
28. Kg2 cxd4 29. exd4 Qe4 30. h3 b5 31. Kh2 g5 32. Qg3 f4 33. Qg1 a5 34. Qf1 Rb8
35. h4 h6 36. h5 Rc7 37. a4 Rcb7 38. Qa1 Qh7 39. axb5 Rxb5 40. Qa2 Qe4 41. Qa3
Kf7 42. Qd6 R5b7 43. Qc5 a4 44. Qa5 Rxb2 45. Qxa4 Rxf2+ 46. Rxf2 Rb7 47. Qc6 Qb1
48. Qc8 Re7 49. Qh8 Qe1 50. Qh7+ Ke8 51. Qc2 Qe3 52. Rg2 Qe4 53. Qa4+ Kf7 54.
Qd1 Rb7 55. Qa4 Qe1 56. Qc2 Rb1 57. Qg6+ Ke7 58. Qg7+ Kd8 59. Qf8+ Kc7 60. Qe7+
Kb8 61. Qd8+ Kb7 1/2-1/2

[Event "Tseshkovsky Mem 2014"]
[Site "Sochi RUS"]
[Date "2014.09.24"]
[Round "8.46"]
[White "Martynyuk, Elizaveta"]
[Black "Airapetian, Valentin"]
[Result "1-0"]
[WhiteElo "2083"]
[BlackElo "1798"]
[WhiteFideId "24128511"]
[BlackFideId "4188560"]
[EventDate "2014.09.17"]

1. e4 g6 2. d4 Bg7 3. Nc3 e5 4. Be3 Nc6 5. d5 Nd4 6. Nge2 Nxe2 7. Bxe2 d6 8. O-O
f5 9. exf5 Bxf5 10. Bb5+ Bd7 11. Qg4 Nf6 12. Qe6+ Qe7 13. Bxd7+ Nxd7 14. Nb5 Kd8
15. Nxc7 Rc8 16. Nb5 Bf8 17. Nxa7 Rxc2 18. Rac1 Rxc1 19. Rxc1 Qxe6 20. dxe6 Nc5
21. Bxc5 dxc5 22. Rd1+ Ke7 23. Rd7+ Kxe6 24. Rxb7 Bh6 25. g3 Bd2 26. a4 Kf5 27.
b3 Ke4 28. Rd7 Bc3 29. Nb5 Bd4 30. Nd6+ Kd3 31. Nf7 Rb8 32. Nxe5+ Kc3 33. Nc6
Rxb3 34. a5 Rb2 35. Nxd4 cxd4 36. a6 Ra2 37. a7 d3 38. Rc7+ Kd2 39. Rxh7 Kd1 40.
Rd7 d2 41. Kf1 Ra1 42. Rc7 g5 43. h3 Ra4 44. h4 gxh4 45. gxh4 Rc4 46. a8=Q Rxc7
47. Qd8 Rc2 48. Qa5 Rb2 49. Qa1+ Kc2 50. Ke2 1-0

[Event "Tseshkovsky Mem 2014"]
[Site "Sochi RUS"]
[Date "2014.09.24"]
[Round "8.49"]
[White "Krapivin, Vladimir"]
[Black "Saveleva, Anna"]
[Result "1-0"]
[WhiteElo "1894"]
[BlackElo "1787"]
[WhiteFideId "24187232"]
[BlackFideId "24196380"]
[EventDate "2014.09.17"]

1. e4 c5 2. Nf3 d6 3. d4 cxd4 4. Nxd4 Nf6 5. Nc3 g6 6. Be3 Bg7 7. f3 O-O 8. Qd2
Bd7 9. O-O-O Nc6 10. g4 h5 11. gxh5 Nxh5 12. Bc4 Ne5 13. Be2 Qc8 14. Bh6 Nc4 15.
Bxc4 Qxc4 16. Bxg7 Kxg7 17. Nf5+ Bxf5 18. exf5 Qf4 19. Nd5 Qxd2+ 20. Rxd2 e6 21.
fxe6 fxe6 22. Nc7 Nf4 23. Nxa8 Rxa8 24. Rxd6 Rf8 25. Rd7+ Rf7 26. Rhd1 Nd5 27.
Rxf7+ Kxf7 28. c4 Nb6 29. b3 Kf6 30. a4 Ke7 31. Kb2 Nd7 32. Kc3 Ne5 33. f4 Nc6
34. b4 b6 35. b5 Nd8 36. Rxd8 Kxd8 37. Kd4 Kd7 38. Ke5 Ke7 39. h4 Kf7 40. c5
bxc5 41. a5 Ke7 42. b6 axb6 43. a6 1-0

[Event "Tseshkovsky Mem 2014"]
[Site "Sochi RUS"]
[Date "2014.09.24"]
[Round "8.50"]
[White "Pozdniakov, Maksim"]
[Black "Skripnikov, Velori"]
[Result "1/2-1/2"]
[WhiteElo "1610"]
[BlackElo "1799"]
[WhiteFideId "24196371"]
[BlackFideId "24153478"]
[EventDate "2014.09.17"]

1. d4 Nf6 2. c4 g6 3. Nc3 Bg7 4. e4 d6 5. f3 O-O 6. Be3 h6 7. Qd2 Kh7 8. Bd3 e5
9. h4 Ne8 10. h5 g5 11. Nge2 Nc6 12. Bc2 Kh8 13. O-O-O exd4 14. Nxd4 Nxd4 15.
Bxd4 Bxd4 16. Qxd4+ Qf6 17. Qxf6+ Nxf6 18. Nb5 Ne8 19. Rhe1 Be6 20. b3 f6 21. g4
a6 22. Nd4 Bd7 23. Nf5 Bxf5 24. exf5 Rf7 25. Re3 Kg8 26. b4 c6 27. Re6 Kf8 28.
Kb2 Rd8 29. Kc3 Rfd7 30. Bb3 Kg7 31. Re2 Nc7 32. Red2 Kf8 33. a4 Ne8 34. Re2 Kg7
35. b5 c5 36. bxa6 bxa6 37. a5 Kf8 38. Ba4 Re7 39. Rxe7 Kxe7 40. Re1+ Kf7 41.
Bxe8+ Rxe8 42. Rxe8 Kxe8 43. Kd3 Kd7 44. Ke4 Ke7 45. f4 gxf4 46. Kxf4 Kf7 47.
Ke4 Ke8 1/2-1/2

[Event "Tseshkovsky Mem 2014"]
[Site "Sochi RUS"]
[Date "2014.09.24"]
[Round "8.52"]
[White "Esipenko, Aleksandr"]
[Black "Abrosimov, Nikolay"]
[Result "1-0"]
[WhiteElo "1633"]
[BlackElo "1877"]
[WhiteFideId "34125911"]
[BlackFideId "4169476"]
[EventDate "2014.09.17"]

1. e4 c5 2. c3 d5 3. exd5 Qxd5 4. d4 Nc6 5. Nf3 Bg4 6. Be2 cxd4 7. cxd4 e6 8.
Nc3 Qd7 9. Be3 Nf6 10. O-O a6 11. Qa4 Bd6 12. Rad1 O-O 13. h3 Bh5 14. Qc2 Bg6
15. Qc1 Rac8 16. Ne5 Qe7 17. Nxg6 hxg6 18. Qd2 Bb4 19. Qd3 Rfd8 20. Ne4 Nd5 21.
Rc1 Nxe3 22. fxe3 f5 23. Nc3 Ne5 24. Qd2 Nf7 25. a3 Ba5 26. b4 Bc7 27. Bf3 Bb8
28. Na4 Ne5 29. Qe2 Nxf3+ 30. Qxf3 Qd6 31. Nc5 b5 32. Kf2 Re8 33. Nb7 Qb6 34.
Nc5 Rc7 35. Rc2 Qd6 36. Rfc1 Rec8 37. Rc3 e5 38. Nb7 Qe6 39. Rxc7 Rxc7 40. Rxc7
Bxc7 41. d5 Qe7 42. d6 Qh4+ 43. g3 Qc4 44. dxc7 e4 45. Qe2 Qxc7 46. Nc5 Qd6 47.
Qc2 Kh7 48. Nb7 Qd5 49. Na5 g5 50. Nb3 f4 51. gxf4 gxf4 52. exf4 Qf5 53. Kg3
Qg6+ 54. Kh2 Qf5 55. Qd2 Qe6 56. Qe3 Qc4 57. Nc5 a5 58. Qxe4+ Qxe4 59. Nxe4 axb4
60. axb4 1-0

[Event "Tseshkovsky Mem 2014"]
[Site "Sochi RUS"]
[Date "2014.09.24"]
[Round "8.53"]
[White "Vorushilo, Alena"]
[Black "Kutovoi, Valery"]
[Result "1-0"]
[WhiteElo "1592"]
[BlackElo "1813"]
[WhiteFideId "34132284"]
[BlackFideId "34113131"]
[EventDate "2014.09.17"]

1. e4 e6 2. d4 b6 3. g3 Bb7 4. Bg2 f5 5. Nc3 Bb4 6. Qh5+ g6 7. Qe2 Qe7 8. a3
Bxc3+ 9. bxc3 Qf7 10. Nh3 h6 11. c4 Na6 12. O-O O-O-O 13. e5 Bxg2 14. Kxg2 g5
15. c5 Kb7 16. cxb6 axb6 17. c4 c6 18. Rb1 Ra8 19. Qb2 b5 20. cxb5 Nc7 21. bxc6+
Kc8 22. Qb7+ Kd8 23. Nxg5 hxg5 24. Bxg5+ Ne7 25. Bxe7+ Qxe7 26. Qb8+ 1-0

[Event "Tseshkovsky Mem 2014"]
[Site "Sochi RUS"]
[Date "2014.09.25"]
[Round "9.2"]
[White "Bukavshin, Ivan"]
[Black "Rakhmanov, Aleksandr"]
[Result "1/2-1/2"]
[WhiteTitle "GM"]
[BlackTitle "GM"]
[WhiteElo "2613"]
[BlackElo "2626"]
[WhiteFideId "4199758"]
[BlackFideId "4173708"]
[EventDate "2014.09.17"]

1. d4 Nf6 2. c4 g6 3. Nf3 Bg7 4. g3 O-O 5. Bg2 c6 6. Nc3 d5 7. cxd5 cxd5 8. Ne5
e6 9. O-O Bd7 10. Bf4 Bc6 11. Qd2 Nfd7 12. Nf3 Nf6 13. Ne5 Nfd7 1/2-1/2

[Event "Tseshkovsky Mem 2014"]
[Site "Sochi RUS"]
[Date "2014.09.25"]
[Round "9.6"]
[White "Korneev, Oleg"]
[Black "Andreev, Eduard UKR"]
[Result "1/2-1/2"]
[WhiteTitle "GM"]
[BlackTitle "GM"]
[WhiteElo "2581"]
[BlackElo "2473"]
[WhiteFideId "4156803"]
[BlackFideId "14103400"]
[EventDate "2014.09.17"]

1. e4 c5 2. Nf3 d6 3. d4 cxd4 4. Nxd4 Nf6 5. Nc3 Nc6 6. Bg5 e6 7. Qd2 a6 8.
O-O-O Bd7 9. f3 Be7 10. h4 h6 11. Be3 h5 12. Bg5 Ne5 13. f4 Neg4 14. g3 b5 15.
a3 O-O 16. Bh3 Rb8 17. Rhe1 a5 18. e5 b4 19. exf6 bxc3 20. Qxc3 Nxf6 21. f5 1/2-1/2